[Event "ZMD Open"]
[Site "Dresden GER"]
[Date "2009.07.26"]
[Round "2"]
[White "Buechmann,O"]
[Black "Bochmann,M"]
[Result "1-0"]
[WhiteElo "2133"]
[BlackElo "1754"]

1.c4 e5 2.g3 Nf6 3.Bg2 c6 4.d4 exd4 5.Qxd4 Bb4+ 6.Bd2 Bxd2+ 7.Nxd2 d6 8.e4 O-O
9.Ne2 Re8 10.O-O c5 11.Qd3 Nc6 12.Nc3 Be6 13.Rad1 Nb4 14.Qb1 Nd7 15.a3 Nc6
16.f4 Nb6 17.Qd3 Bg4 18.Rde1 f6 19.h3 Bh5 20.Nd5 Nxd5 21.exd5 Nd4 22.Be4 h6
23.g4 Bf7 24.Nf3 Nxf3+ 25.Rxf3 Qb6 26.Re2 Re7 27.Rfe3 Rae8 28.g5 hxg5 29.fxg5 f5
30.Bxf5 Rxe3 31.Rxe3 Rxe3 32.Qxe3 Qxb2 33.g6 Qa1+ 34.Kg2 Qa2+ 35.Kg3  1-0

[Event "Czech Open A"]
[Site "Pardubice CZE"]
[Date "2009.07.26"]
[Round "3"]
[White "Praznik,N"]
[Black "Berchtenbreiter,M"]
[Result "1/2-1/2"]
[WhiteElo "2379"]
[BlackElo "2143"]

1.g3 e5 2.c4 Nf6 3.Bg2 c6 4.Nf3 e4 5.Nd4 d5 6.cxd5 Qxd5 7.Nb3 Qh5 8.h3 Na6
9.Nc3 Qg6 10.a3 Bd6 11.e3 Be6 12.d4 exd3 13.Nd4 Be5 14.O-O Bxd4 15.exd4 O-O
16.Be3 Nc7 17.Qd2 Rfe8 18.Rfe1 Rad8 19.Bf1 Ncd5 20.Bxd3 Bf5 21.Bxf5 Qxf5
22.Bg5 Qxh3 23.Nxd5 Rxd5 24.Qf4 Rf8 25.Bxf6 gxf6 26.Qxf6 Rf5 27.Qh4 Qxh4
28.gxh4 Rf4 29.Re7 Rg4+ 30.Kh2 Rxh4+  1/2-1/2

[Event "ch-AUT"]
[Site "Jenbach AUT"]
[Date "2009.07.27"]
[Round "3"]
[White "Muehlbacher,B"]
[Black "Tabernig,B"]
[Result "0-1"]
[WhiteElo "2156"]
[BlackElo "2323"]

1.c4 e5 2.g3 Nc6 3.Bg2 g6 4.Nc3 Bg7 5.e4 d6 6.Nge2 Nge7 7.d3 O-O 8.O-O Be6
9.Nd5 f5 10.f4 Qd7 11.Rb1 Nd8 12.b3 fxe4 13.dxe4 Nxd5 14.cxd5 Bg4 15.Qd3 a6
16.Nc3 b5 17.Bd2 Nb7 18.b4 Rf7 19.Nd1 Bh3 20.Nf2 Bxg2 21.Kxg2 Raf8 22.h3 h5
23.h4 exf4 24.Bxf4 Nd8 25.Nh3 Qg4 26.Nf2 Qd7 27.Nh3 Re7 28.Bg5 Rxf1 29.Rxf1 Rf7
30.Nf4 Bf6 31.Bxf6 Rxf6 32.Qc3 Qe7 33.Rf3 Kf7 34.Re3 Qd7 35.e5 dxe5 36.Rxe5 c6
37.Qb3 Kg7 38.Qe3 Kf7 39.Qb3 Kg7 40.Qe3 Kf7 41.Qb3 Kf8 42.Qd3 Kg7 43.Qe3 Qd6
44.Re7+ Rf7 45.Ne6+ Nxe6 46.Rxf7+ Kxf7 47.dxe6+ Qxe6 48.Qa7+ Kf6 49.Qxa6 Kf5
50.Qa3 Qd5+ 51.Kf2 Kg4 52.Qb3 Qd4+ 53.Kg2 Qe4+ 54.Kf2 Kh3 55.Qf3 Qd4+ 56.Kf1 Qa1+
57.Kf2 Qxa2+ 58.Kf1 Qb1+ 59.Kf2 Qc2+ 60.Kf1 Qc1+ 61.Kf2 Qd2+ 62.Kf1 Qd5 63.Kf2 Kh2
64.Ke2 Qa2+ 65.Kf1 Qc4+ 66.Kf2 Qd4+ 67.Ke2 Qg1 68.Qf2+ Qg2 69.Ke1 Kh3 70.Qf6 Qxg3+
71.Kd1 Qd3+ 72.Ke1 Qe4+ 73.Kd1 Qf5 74.Qxc6 Kxh4 75.Qh1+ Kg5 76.Kd2 h4 77.Qg2+ Kh5
78.Qe2+ Kh6 79.Qe8 h3 80.Qh8+ Kg5 81.Kd1 Qf3+ 82.Kc2 Qe2+ 83.Kb1 h2 84.Qd8+ Kg4
85.Qc8+ Kg3 86.Qc7+ Kh3 87.Qc3+ Kg2 88.Qc6+ Kf2 89.Qf6+ Qf3 90.Qb6+ Ke1 91.Qe6+ Kf1
92.Kc1  0-1

[Event "ZMD Open"]
[Site "Dresden GER"]
[Date "2009.07.29"]
[Round "5"]
[White "Lammers,F"]
[Black "Stark,S"]
[Result "1/2-1/2"]
[WhiteElo "2012"]
[BlackElo "1825"]

1.c4 e5 2.g3 Nc6 3.Bg2 g6 4.Nc3 Bg7 5.d3 f5 6.e3 Nf6 7.Nge2 O-O 8.O-O d6
9.b3 Kh8 10.Bb2 Be6 11.Nd5 Qd7 12.f4 Rae8 13.a3 Bg8 14.Qc2 Nd8 15.Rfe1 Ng4
16.Qd2 c6 17.Ndc3 Qc7 18.h3 Nf6 19.Kh2 Nf7 20.b4 Re7 21.b5 Rd8 22.bxc6 bxc6
23.Rab1 Rde8 24.Ng1 Nd8 25.Bf1 Nd7 26.Nf3 Nb6 27.fxe5 dxe5 28.e4 Rd7 29.Qc2 f4
30.c5 fxg3+ 31.Kxg3 Nc8 32.Bc1 Ne6 33.Be3 Rf8 34.Kg2 Nd4 35.Bxd4 exd4 36.Ne2 Be6
37.Neg1 Rdf7 38.Be2 g5 39.Rf1 g4 40.hxg4 Bxg4 41.Nh2 Bxe2 42.Qxe2 Bf6 43.Ngf3 Ne7
44.Kh1 Ng6 45.Qd2 Qe7 46.Rbc1 Qb7 47.Rb1  1/2-1/2

[Event "ch-AUT"]
[Site "Jenbach AUT"]
[Date "2009.07.29"]
[Round "5"]
[White "Muehlbacher,B"]
[Black "Wertjanz,Dav"]
[Result "0-1"]
[WhiteElo "2156"]
[BlackElo "2071"]

1.c4 e5 2.g3 Nf6 3.Bg2 d5 4.cxd5 Nxd5 5.Nf3 Nc6 6.O-O Nb6 7.d3 Be7 8.Nbd2 O-O
9.a3 a5 10.b3 f5 11.Bb2 Bf6 12.Qb1 Be6 13.Rd1 g6 14.e3 Qe7 15.Qc2 Qf7 16.Rdb1 Rfd8
17.Ne1 Nd5 18.e4 Nde7 19.Nef3 Rd7 20.Bc3 Rad8 21.Bf1 Nc8 22.b4 axb4 23.axb4 b5
24.Qb2 Nb6 25.Nxe5 Bxe5 26.Bxe5 Na4 27.Rxa4 bxa4 28.Nf3 h6 29.Bf6 Rf8 30.e5 Ne7
31.d4 Nd5 32.Bb5 Nxf6 33.exf6 Rd6 34.Qd2 g5  0-1

[Event "Czech Open A"]
[Site "Pardubice CZE"]
[Date "2009.07.30"]
[Round "7"]
[White "Gorbatov,A"]
[Black "Zhuravleva,O"]
[Result "1-0"]
[WhiteElo "2404"]
[BlackElo "2262"]

1.c4 e5 2.g3 Nf6 3.Bg2 d5 4.cxd5 Nxd5 5.Nc3 Nb6 6.d3 Be7 7.Nh3 O-O 8.f4 Nc6
9.fxe5 Nxe5 10.Nf4 c6 11.d4 Ng6 12.O-O Bg4 13.h3 Be6 14.e4 Qd7 15.Nxe6 fxe6
16.Be3 Bd6 17.e5 Be7 18.Qe2 Rad8 19.Rfd1 Rf7 20.h4 Bf8 21.Ne4 Be7 22.h5 Nf8
23.h6 Nd5 24.Bd2 c5 25.Nxc5 Bxc5 26.dxc5 Qc7 27.Rac1 Rf5 28.Qg4 Qxe5 29.Qxg7+ Qxg7
30.hxg7 Kxg7 31.c6 bxc6 32.Rxc6 Rd7 33.Bc1 Rff7 34.Rd4 Rc7 35.Rxc7 Rxc7 36.Bd2 Rd7
37.b4 Kf7 38.a4 Ng6 39.b5 Nge7 40.g4 Rc7 41.Be4 Nf6 42.Bf3 Nfd5 43.Kf2 Nb6
44.a5 Nbd5 45.Ke1 Rb7 46.Be2 Nc8 47.Bc4 Nd6 48.Rxd5 Nxc4 49.a6 Rc7 50.Rh5 Kf6
51.Bg5+ Kg6 52.Bc1 Kf6 53.Ke2 Nb6 54.Bf4 Rf7 55.Rh6+ Kg7 56.Be3 Re7 57.Bc5 Rd7
58.Rxe6 Nd5 59.Rd6 Nf4+ 60.Kf3 Rf7  1-0

[Event "ZMD Open"]
[Site "Dresden GER"]
[Date "2009.07.31"]
[Round "7"]
[White "Markowski,T"]
[Black "Savchenko,S"]
[Result "1-0"]
[WhiteElo "2627"]
[BlackElo "2526"]

1.c4 e5 2.g3 Nc6 3.Bg2 Bc5 4.Nc3 d6 5.e3 a6 6.Nge2 Nge7 7.O-O Ba7 8.d3 O-O
9.h3 Be6 10.Nd5 Qd7 11.Kh2 Rae8 12.b3 Nd8 13.d4 f6 14.e4 Nec6 15.dxe5 fxe5
16.f4 Nd4 17.f5 Bf7 18.Nxd4 Bxd4 19.Rb1 b5 20.Qg4 Bxd5 21.cxd5 c6 22.dxc6 Nxc6
23.Bd2 a5 24.Qe2 Qb7 25.a3 Bc5 26.b4 axb4 27.axb4 Bb6 28.Qg4 Qd7 29.h4 Nd4
30.Bh3 Rc8 31.Rb2 Rc4 32.h5 Rfc8 33.Be3 Rc2+ 34.Rf2 Rxb2 35.Rxb2 Rc3 36.Bxd4 Bxd4
37.Ra2 Be3 38.Qd1 Qc6 39.f6 gxf6 40.Be6+ Kg7 41.Qg4+ Kh6 42.Qf5 Rc2+ 43.Kh3 Kg7
44.h6+  1-0

[Event "Czech Open A"]
[Site "Pardubice CZE"]
[Date "2009.07.31"]
[Round "8"]
[White "Gorbatov,A"]
[Black "Berzina,I"]
[Result "1-0"]
[WhiteElo "2404"]
[BlackElo "2276"]

1.c4 e5 2.g3 Nf6 3.Bg2 d5 4.cxd5 Nxd5 5.Nc3 Nb6 6.d3 Be7 7.Nh3 O-O 8.O-O Nc6
9.f4 Bc5+ 10.Kh1 Bg4 11.fxe5 Nxe5 12.Nf4 c6 13.h3 Bc8 14.Ne4 Be7 15.Qb3 Ng6
16.Qc2 Nxf4 17.gxf4 Nd5 18.a3 Bh4 19.f5 Re8 20.Nc3 Nf6 21.e4 Nh5 22.Ne2 b6
23.Bf3 Ng3+ 24.Nxg3 Bxg3 25.Rg1 Be5 26.Bg5 Qd4 27.Rg2 Ba6 28.Rd1 c5 29.Qe2 Rac8
30.Be3 Qd6 31.Bh5 Rcd8 32.Rdg1 Qxd3 33.Rxg7+ Bxg7 34.Qg2 Qxe4 35.Bf3 Qe5
36.Bh6 Be2 37.Bxe2 Qxb2 38.f6 Qxf6 39.Bxg7 Rxe2 40.Bxf6+  1-0

[Event "Tchibo Open B"]
[Site "Pardubice CZE"]
[Date "2009.07.31"]
[Round "8"]
[White "Golcman,E"]
[Black "Klement,L"]
[Result "1-0"]
[WhiteElo "2304"]
[BlackElo "2094"]

1.c4 e5 2.g3 c5 3.Bg2 Nc6 4.Nc3 g6 5.Nf3 Bg7 6.O-O Nge7 7.d3 d6 8.Bd2 O-O
9.Qc1 Rb8 10.Bh6 Bxh6 11.Qxh6 Nf5 12.Qg5 f6 13.Qd2 Be6 14.Ne1 Nfe7 15.f4 Qd7
16.Nc2 Bh3 17.Bxh3 Qxh3 18.fxe5 fxe5 19.Ne4 Qe6 20.Qh6 Nf5 21.Qxh7+ Kxh7
22.Ng5+ Kh6 23.Nxe6 Rf7 24.Ne3 Re8 25.Ng4+ Kh5 26.Ng7+ Rxg7 27.Nf6+ Kg5 28.Nxe8 Re7
29.g4 Rxe8 30.gxf5 gxf5 31.Kf2 e4 32.Rg1+ Kf4 33.e3+ Ke5 34.dxe4 Kxe4 35.h3 Ne5
36.b3 Rh8 37.Rg3 a5 38.Ke2 a4 39.Rf1 Rh4 40.Rf4+ Rxf4 41.exf4 Nc6 42.h4 Kxf4
43.Rg7 axb3 44.axb3 Nd4+ 45.Kf2 Ke5 46.h5 Kf6 47.h6 Ne6 48.Rg8  1-0

[Event "Open"]
[Site "Kavala GRE"]
[Date "2009.08.01"]
[Round "1"]
[White "Deviatkin,A"]
[Black "Dagkakis,P"]
[Result "1-0"]
[WhiteElo "2589"]
[BlackElo "2210"]

1.c4 e5 2.g3 d6 3.Bg2 f5 4.Nc3 Nf6 5.d4 e4 6.f3 exf3 7.exf3 Be7 8.Nge2 O-O
9.O-O c6 10.Be3 Na6 11.Re1 Nc7 12.Qd3 Qe8 13.a4 Qf7 14.a5 Be6 15.b3 b5 16.d5 Nfxd5
17.cxd5 Nxd5 18.Nxd5 Bxd5 19.Rab1 a6 20.Nf4  1-0

[Event "Czech Open A"]
[Site "Pardubice CZE"]
[Date "2009.08.01"]
[Round "9"]
[White "Praznik,N"]
[Black "Ambartsumova,K"]
[Result "0-1"]
[WhiteElo "2379"]
[BlackElo "2274"]

1.c4 e5 2.g3 Nf6 3.Bg2 Nc6 4.Nc3 Bc5 5.e3 a6 6.Nge2 d6 7.O-O O-O 8.b3 Ba7
9.Bb2 Ne7 10.d4 Ng6 11.Qd2 Re8 12.h3 Rb8 13.a4 Be6 14.d5 Bd7 15.a5 e4 16.Qc2 Qe7
17.Nd4 h5 18.b4 Ne5 19.Nxe4 Nxe4 20.Qxe4 Nxc4 21.Qxe7 Rxe7 22.Bc3 Nxe3 23.fxe3 Rxe3
24.Be1 Bxd4 25.Bf2 Bxa1 26.Bxe3 Be5 27.Rc1 Rc8 28.Kf2 Kf8 29.Bf1 c6 30.dxc6 Rxc6
31.Rb1 Rc2+ 32.Kg1 Bxg3 33.b5 axb5 34.Bg2 Bc6 35.Bxc6 Rxc6 36.Rxb5 Rc7 37.Rxh5 Be5
38.Bb6 Rd7 39.Rh8+ Ke7 40.Kf2 Ke6 41.Ke3 g6 42.Ra8 Kd5 43.Kd3 f5 44.Rg8 Rg7
45.Rb8 g5 46.Rf8 g4 47.hxg4 fxg4 48.Ke3 g3 49.Rf1 g2 50.Rd1+ Kc4 51.Kf3 Bh2
52.Rd2 g1=Q 53.Bxg1 Bxg1 54.Rxd6 Kb5 55.Rd5+ Bc5 56.Ke4 Rc7 57.Kd3 Kxa5 58.Kc4 b5+  0-1

[Event "14th Open"]
[Site "Creon FRA"]
[Date "2009.08.02"]
[Round "9"]
[White "Bancel,G"]
[Black "Kirk,J"]
[Result "1-0"]
[WhiteElo "2134"]
[BlackElo "1988"]

1.g3 e5 2.c4 d6 3.Bg2 Nc6 4.Nc3 Nf6 5.d3 Be7 6.Rb1 O-O 7.b4 Nd4 8.e3 Ne6
9.Nge2 Ne8 10.O-O Ng5 11.f4 exf4 12.exf4 Nh3+ 13.Kh1 Nf6 14.f5 Bxf5 15.Rxf5 g6
16.Rxf6 Bxf6 17.Bxh3 c6 18.Ne4 Bg7 19.Bg5 f6 20.Bf4 f5 21.Nxd6 g5 22.c5 gxf4
23.Nxf4 Qd7 24.Qh5 Be5 25.Bxf5  1-0

[Event "Open"]
[Site "Kavala GRE"]
[Date "2009.08.03"]
[Round "4"]
[White "Damljanovic,B"]
[Black "Kapnisis,S"]
[Result "1-0"]
[WhiteElo "2551"]
[BlackElo "2464"]

1.c4 e5 2.g3 Nf6 3.Bg2 d5 4.cxd5 Nxd5 5.Nc3 Nb6 6.Nf3 Nc6 7.Rb1 g5 8.h3 Bg7
9.d3 h6 10.Bd2 O-O 11.g4 Nd4 12.Nxd4 exd4 13.Ne4 Be6 14.a4 Bd5 15.h4 f6 16.Bf3 a5
17.Rc1 c6 18.Kf1 Nc8 19.b4 b6 20.bxa5 bxa5 21.Nc5 Kh8 22.Bxd5 Qxd5 23.Ne4 Kg8
24.Rc5 Qe6 25.f3 Ne7 26.Qc2 gxh4 27.Rxh4 f5 28.Nf2 Rae8 29.Bc1 Ng6 30.gxf5 Rxf5
31.Re4 Re5 32.Rxc6 Qf5 33.f4 R5e7 34.Qc5 Nh4 35.Rxe7  1-0

[Event "Open"]
[Site "Kavala GRE"]
[Date "2009.08.05"]
[Round "6"]
[White "Damljanovic,B"]
[Black "Andriasian,Z"]
[Result "0-1"]
[WhiteElo "2551"]
[BlackElo "2585"]

1.c4 e5 2.g3 Nc6 3.Nc3 g6 4.Bg2 Bg7 5.e3 d6 6.Nge2 Nf6 7.d3 O-O 8.O-O Be6
9.Nd5 Qd7 10.f4 Nh5 11.Rb1 a5 12.Bd2 Bg4 13.Rf2 exf4 14.gxf4 Rfe8 15.Qf1 Nb4
16.Nec3 Nxd5 17.Nxd5 Qd8 18.e4 Bd7 19.Bc3 c6 20.Bxg7 Nxg7 21.Ne3 f5 22.Re1 Qf6
23.Kh1 Re7 24.Qe2 Rf8 25.Qd2 Qh4 26.c5 dxc5 27.e5 Be6 28.Ref1 Rd7 29.Qxa5 Qe7
30.Nd1 Rxd3 31.Nc3 c4 32.Qa7 Rd7 33.a4 Rfd8 34.a5 h6 35.a6 Kh7 36.Qb6 bxa6
37.Bxc6 Rd2 38.Rxd2 Rxd2 39.Rf2 Rxf2 40.Qxf2 Qd8 41.Bf3 g5 42.Bd1 Kg6 43.Kg1 gxf4
44.h4 Qb8 45.h5+ Kh7 46.Qxf4 Qxb2 47.Qg3 Bf7 48.Qe3 Qb4 49.Bc2 Qe7 50.Ne2 Qg5+
51.Kf2 Qxh5 52.Nd4 Qg5 53.e6 Bg6 54.Qe5 f4 55.Bxg6+ Kxg6 56.Qe4+ Kf6 57.e7 Qg3+  0-1

[Event "Open"]
[Site "Kavala GRE"]
[Date "2009.08.07"]
[Round "8"]
[White "Damljanovic,B"]
[Black "Vasilevich,T"]
[Result "1/2-1/2"]
[WhiteElo "2551"]
[BlackElo "2420"]

1.c4 e5 2.g3 c6 3.d4 e4 4.Qb3 d5 5.cxd5 Qxd5 6.Qxd5 cxd5 7.Nc3 Be6 8.f3 Nf6
9.fxe4 Nxe4 10.Nxe4 dxe4 11.e3 Nc6 12.Bd2 Nb4 13.Bb5+ Kd8 14.Kf2 Rc8 15.Bxb4 Rc2+
16.Ne2 Bxb4 17.Ba4 Rd2 18.Rhd1 Rxe2+ 19.Kxe2 Bg4+ 20.Kf2 Bxd1 21.Rxd1 f5
22.a3 Bd6 23.Kg2 Ke7 24.Rc1 Rf8 25.Bb3 Rd8 26.h3 b6 27.Rf1 Rf8 28.Bd5 g6
29.g4 Bb8 30.b4 Rd8 31.Bc6 f4 32.Kf2 Rf8 33.Rh1 fxe3+ 34.Kxe3 Rf3+ 35.Kxe4 Rxa3
36.b5 a5 37.bxa6 Rxa6 38.Bb5 Ra5 39.Rb1 Kd6 40.Bc4 Kc6 41.Rc1 Ra7 42.Bd5+ Kd7
43.Bg8 Kd6 44.Rb1 Re7+ 45.Kd3 Bc7 46.Rf1 Rg7 47.Bf7 Bd8 48.Kc4 Ke7 49.Bd5 Kd6
50.Be4 Rc7+ 51.Kd3 Ra7 52.Rf8 Be7 53.Rb8 Kc7 54.Rh8 Ra3+ 55.Ke2 Rxh3 56.Bxg6 Bf6
57.Rf8 Bxd4 58.Rf7+ Kd6 59.Bxh7 Rg3 60.Bf5 b5 61.Rb7 Kc5 62.Bd3 Rxg4 63.Rxb5+ Kd6
64.Rh5 Bf6 65.Kf3 Rg5 66.Ke4  1/2-1/2

[Event "Open"]
[Site "Ptuj SLO"]
[Date "2009.08.07"]
[Round "7"]
[White "Srebrnic,V"]
[Black "Zupec,J"]
[Result "1-0"]
[WhiteElo "2212"]
[BlackElo "1976"]

1.c4 e5 2.g3 c6 3.Bg2 Nf6 4.Nf3 Qa5 5.Nc3 Bb4 6.a3 d6 7.O-O Bxc3 8.dxc3 Qc7
9.Ne1 Be6 10.b3 Na6 11.Bg5 Rd8 12.e4 b5 13.cxb5 cxb5 14.a4 Nc5 15.axb5 Bxb3
16.Qe2 Na4 17.Nd3 Rb8 18.Bxf6 gxf6 19.Qf3 Ke7 20.Rfb1 Rxb5 21.Rxb3 Rxb3 22.Rxa4 a5
23.Bf1 Rxc3 24.Qe2 Rc2 25.Qe1 Rb8 26.Rxa5 Qb6 27.Ra1 Qd4 28.Rd1 Qa4 29.Rb1 Rxb1
30.Qxb1 Rd2 31.Nb4 Kf8 32.Nd5 Kg7 33.Ne3 Qa7 34.Qe1 Qa2 35.Nf5+ Kf8 36.Qc1 Rc2
37.Qh6+ Ke8 38.Qxf6  1-0

[Event "Open"]
[Site "Ptuj SLO"]
[Date "2009.08.09"]
[Round "9"]
[White "Spelec,D"]
[Black "Lipovsek,M"]
[Result "0-1"]
[WhiteElo "1948"]
[BlackElo "2098"]

1.c4 e5 2.g3 Nf6 3.Bg2 c6 4.Nc3 d5 5.cxd5 cxd5 6.d3 Bb4 7.a3 Bxc3+ 8.bxc3 Nc6
9.Nf3 h6 10.O-O O-O 11.Rb1 Qe7 12.Nd2 Rd8 13.Qc2 Be6 14.Qb2 Rab8 15.h3 Nh5
16.Kh2 f5 17.e4 dxe4 18.dxe4 f4 19.g4 Nf6 20.f3 Nh7 21.Qb5 h5 22.Qe2 Qg5
23.Qf2 hxg4 24.fxg4 Rd3 25.Nf3 Qh6 26.Kg1 b6 27.Rb5 Rxf3 28.Qxf3 Bc4 29.Rd5 Ng5
30.Qf2 Nxh3+ 31.Bxh3 Qxh3 32.Rfd1 Bxd5 33.Rxd5 Qxg4+ 34.Kf1 Rd8 35.Qa2 Qh3+
36.Kg1 Kh7 37.Rxd8 Nxd8 38.Qd5 f3 39.Qd2 Qg4+ 40.Kf2 Ne6 41.Qe1 Qg2+ 42.Ke3 g5
43.Qf2 Qh1 44.Bb2 g4 45.Qg3 Qh6+ 46.Kd3 Nc5+ 47.Kc2 Qg5 48.Bc1 Qg6 49.Qh4+ Kg8
50.Qd8+ Kf7 51.Qc7+ Ke8 52.Qxe5+ Qe6 53.Qb8+ Kf7 54.Qf4+ Ke7 55.Qc7+ Nd7
56.Bg5+ Ke8 57.Qd8+ Kf7 58.Kb2 f2 59.Qh8 Qxe4 60.Qh5+ Ke6 61.Qh6+ Kd5 62.Bf4 Qe7
63.Bd2 f1=Q 64.c4+ Kxc4 65.Qc6+  0-1

[Event "25th Open"]
[Site "Geraadsbergen BEL"]
[Date "2009.08.12"]
[Round "2"]
[White "Tonoli,W"]
[Black "Vermeiren,B"]
[Result "1-0"]
[WhiteElo "2158"]
[BlackElo "1968"]

1.c4 e5 2.g3 Nf6 3.Bg2 d5 4.cxd5 Nxd5 5.Nf3 Nd7 6.d4 Bb4+ 7.Kf1 c6 8.e4 Nc7
9.dxe5 Ne6 10.a3 Bc5 11.b4 Bb6 12.Nbd2 Nxe5 13.Qe2 Nd4 14.Nxd4 Qxd4 15.Nb3 Qc3
16.Bb2 Qxb3 17.Bxe5 Be6 18.Qf3 Qc4+ 19.Qe2 f6 20.Bb2 O-O-O 21.Rc1 Qb3 22.Qc2 Rd3
23.Bc3 Bc4 24.Bh3+ Kb8 25.Qxb3 Bxb3 26.Kg2 h5 27.Rhe1 Re8 28.Bf5 Bf7 29.f3 g6
30.Bh3 Red8 31.Bxf6 Rd2+ 32.Kh1 R8d3 33.Rc3 Rxc3 34.Bxc3 Rd3 35.Bb2 Rxf3
36.Bg2 Rf2 37.Bc1 a5 38.Rf1 axb4 39.axb4 Be6 40.Bf4+ Kc8 41.Bd6 Rxf1+ 42.Bxf1 Be3
43.Kg2 Kd7 44.Bc5 Bxc5 45.bxc5 Bb3 46.Kf3 g5 47.h4 gxh4 48.gxh4 Ke6 49.Kf4 Ke7
50.Be2 b5 51.cxb6 Kd7 52.Bxh5 c5 53.Be8+ Kc8 54.Bc6 c4 55.Bd5  1-0

[Event "25th Open"]
[Site "Geraadsbergen BEL"]
[Date "2009.08.13"]
[Round "3"]
[White "Barbier,W"]
[Black "Denys,F"]
[Result "1-0"]
[WhiteElo "2167"]
[BlackElo "1854"]

1.c4 e5 2.g3 Nf6 3.Bg2 d5 4.cxd5 Nxd5 5.Nf3 Nc6 6.O-O Be7 7.d4 exd4 8.Nxd4 Nxd4
9.Qxd4 Nf6 10.Qa4+ c6 11.Nc3 O-O 12.Be3 Be6 13.Rfd1 Qc7 14.a3 Nd7 15.Bf4 Qb6
16.b4 Bf6 17.Rac1 Bd4 18.Ne4 Bd5 19.e3 Bf6 20.Bd6 Rfd8 21.Nxf6+ Nxf6 22.Be7 Rd7
23.Bxf6 gxf6 24.Bxd5 Rxd5 25.Rxd5 cxd5 26.Qd7 Rd8 27.Qg4+ Kh8 28.Rc5 Qe6
29.Qd4 Rd7 30.Rc8+ Kg7 31.Qxa7 d4 32.Qb8 f5 33.Rg8+ Kf6 34.Re8 Re7 35.Qd8 dxe3
36.Qxe7+ Qxe7 37.Rxe7 exf2+ 38.Kxf2 Kxe7 39.Ke3 Kd6 40.a4 Kd5 41.Kd3 f6 42.a5 Ke5
43.b5 Kd5 44.a6  1-0

[Event "A2Bmedialtd.com Int Gp B"]
[Site "Uxbridge ENG"]
[Date "2009.08.13"]
[Round "2"]
[White "Poobalasingam,P"]
[Black "McNab,C"]
[Result "1-0"]
[WhiteElo "2224"]
[BlackElo "2474"]

1.c4 e5 2.g3 d6 3.d4 exd4 4.Qxd4 Nc6 5.Qd2 Be6 6.e4 Nf6 7.Nc3 a5 8.b3 a4
9.Rb1 axb3 10.axb3 Nxe4 11.Nxe4 d5 12.cxd5 Bb4 13.Nc3 Bxd5 14.f3 Qe7+ 15.Be2 Qc5
16.Bb2 O-O-O 17.Kf1 Bxf3 18.Qxd8+ Rxd8 19.Nxf3 Qe3 20.Rc1 Rd6 21.Rc2 Nd4
22.Bc1 Nxc2 23.Bxe3 Nxe3+ 24.Kf2 Ng4+ 25.Kg2 Bxc3 26.Ng5 Ne5 27.Ne4 Rb6 28.Nxc3 Rxb3
29.Rc1 c6 30.Kf2 Kd7 31.Ne4 Rb2 32.Ke3 f6 33.Nc5+ Kd6 34.Ne4+ Ke6 35.h3 h6
36.Rc3 b6 37.Ba6 Kd5 38.Nf2 Ra2 39.Nd3 Nxd3 40.Bc4+  1-0

[Event "A2Bmedialtd.com Int Gp C"]
[Site "Uxbridge ENG"]
[Date "2009.08.15"]
[Round "7"]
[White "Ackley,P"]
[Black "Arkell,K"]
[Result "1/2-1/2"]
[WhiteElo "2084"]
[BlackElo "2521"]

1.c4 e5 2.g3 c6 3.d4 d6 4.Bg2 Nd7 5.Nc3 Ngf6 6.e3 g6 7.Nge2 Bg7 8.b3 Qa5
9.O-O O-O 10.a4 Re8 11.Ba3 Bf8 12.b4 Qc7 13.Qb3 exd4 14.exd4 Bg7 15.Rad1 Nf8
16.h3 h5 17.Bc1 Bf5 18.Bf4 Ne4 19.c5 Nxc3 20.Nxc3 Qd7 21.d5 cxd5 22.Nxd5 Bxh3
23.cxd6 Bxg2 24.Kxg2 Ne6 25.Bh6 Bh8 26.b5 Rad8 27.Qf3 f5 28.Ne7+ Kh7 29.Be3 Rf8
30.Rh1 Qe8 31.Qxb7 Qf7 32.Qf3 Rd7 33.a5 Bf6 34.Nc6 Kg7 35.Qd5 Re8 36.b6 axb6
37.Bxb6 f4 38.Rhe1 fxg3 39.fxg3 Nf4+ 40.gxf4 Qxd5+ 41.Rxd5 Rxe1 42.a6 Re8
43.a7 Ra8 44.Bc7 Kf7 45.Rb5 Bd4 46.Nxd4 Rxa7 47.Nc6 Raxc7 48.dxc7 Rxc7 49.Ne5+ Kf6
50.Kf3 g5  1/2-1/2

[Event "16th Vienna Open"]
[Site "Vienna AUT"]
[Date "2009.08.16"]
[Round "2"]
[White "Thiede,L"]
[Black "Posch,W"]
[Result "1-0"]
[WhiteElo "2452"]
[BlackElo "2203"]

1.c4 e5 2.g3 Nc6 3.Bg2 g6 4.Nc3 Bg7 5.Nf3 d6 6.d3 f5 7.O-O Nf6 8.Rb1 O-O
9.b4 h6 10.b5 Ne7 11.Qb3 Be6 12.Nd2 Rb8 13.a4 d5 14.Ba3 dxc4 15.Nxc4 Rf7
16.Rfd1 Nfd5 17.Nxd5 Nxd5 18.Qc2 Kh7 19.Bb2 Qh8 20.Na5 Rd7 21.Ba1 Qf8 22.e4 Nb4
23.Qe2 f4 24.gxf4 exf4 25.Bxg7 Rxg7 26.d4 b6 27.Rxb4 bxa5 28.Rbb1 Rf7 29.f3 Re8
30.d5 Bc8 31.Rbc1 Qe7 32.Qd2 Qg5 33.Qxa5 Bh3 34.Qd2 Re5 35.Kh1 Qh4 36.Bxh3 Qxh3
37.Qf2 g5 38.Rg1 h5 39.Qg2 Qh4 40.Qb2 Ree7 41.d6 cxd6 42.Rc8 Rg7 43.Qc2 Qh3
44.Rc3 Re5 45.Rd3 Rc5 46.Qg2 Qh4 47.Rxd6 g4 48.Qd2 g3 49.Rd7 Rg5 50.Rxg7+ Rxg7
51.Rd1 Qh3 52.Qg2 Qe6 53.Rd5 Rc7 54.hxg3 Rc1+ 55.Kh2 fxg3+ 56.Qxg3 Rc2+ 57.Kh1 Qf7
58.Kg1 Rc1+ 59.Kf2 Rc2+ 60.Ke1 Rc1+ 61.Kd2 Rh1 62.Qg5 Rd1+ 63.Kxd1 Qxf3+
64.Kd2 Qf2+ 65.Kd3 Qf1+ 66.Kd4 Qa1+ 67.Kc5 Qc3+ 68.Kd6  1-0

[Event "16th Vienna Open"]
[Site "Vienna AUT"]
[Date "2009.08.20"]
[Round "6"]
[White "Thompson,I"]
[Black "Kleijn,C"]
[Result "1/2-1/2"]
[WhiteElo "2242"]
[BlackElo "2377"]

1.c4 e5 2.g3 Nf6 3.Bg2 Nc6 4.Nf3 Bc5 5.O-O d6 6.Nc3 a6 7.d3 h6 8.e3 O-O 9.a3 Ba7
10.b3 Be6 11.Bb2 Qd7 12.d4 exd4 13.Nxd4 Bg4 14.Qd2 Ne5 15.f4 Nc6 16.Nd5 Nxd5
17.cxd5 Nxd4 18.Bxd4 Bxd4 19.Qxd4 f5 20.Rac1 Rf7 21.Rc3 Re8 22.Rfc1 Ree7
23.e4 fxe4 24.Bxe4 Bf5 25.Bf3 Qc8 26.Re3 Bg4 27.Be4 Bf5 28.Bf3 Bg4 29.Be4  1/2-1/2

[Event "6th LGA Premium Cup"]
[Site "Nuernberg GER"]
[Date "2009.09.04"]
[Round "3"]
[White "Ortpaul,M"]
[Black "Poppe,W"]
[Result "1-0"]
[WhiteElo "1946"]
[BlackElo "1526"]

1.c4 e5 2.g3 Nf6 3.Nc3 a6 4.Bg2 Bc5 5.Nf3 d6 6.d4 exd4 7.Nxd4 h6 8.b4 Bxd4
9.Qxd4 O-O 10.a3 Nc6 11.Qd1 Re8 12.O-O Qe7 13.e4 Ne5 14.Nd5 Qd8 15.Qc2 c6
16.Nxf6+ Qxf6 17.Bb2 Qe6 18.Rac1 Qe7 19.f4 Nd7 20.Rfe1 f6 21.Qd3 Rd8 22.Rcd1 Nb6
23.c5 Na4 24.Qb3+  1-0

[Event "6th LGA Premium Cup"]
[Site "Nuernberg GER"]
[Date "2009.09.05"]
[Round "4"]
[White "Hoffmann,Ay"]
[Black "Hauernherm Thoma,W"]
[Result "0-1"]
[WhiteElo "1780"]
[BlackElo "2092"]

1.c4 e5 2.g3 Nc6 3.Bg2 g6 4.Nc3 Bg7 5.e4 Nge7 6.Nge2 O-O 7.O-O d6 8.d3 a6
9.Be3 Nd4 10.Qd2 Rb8 11.Bh6 b5 12.Bxg7 Kxg7 13.Nxd4 exd4 14.Ne2 c5 15.b3 a5
16.Qc2 Bd7 17.f4 f6 18.Rae1 Qb6 19.Nc1 Nc6 20.Bf3 Ra8 21.Qb2 a4 22.Rf2 axb3
23.axb3 Ra6 24.h4 Qa5 25.Rfe2 Qb6 26.g4 g5 27.hxg5 fxg5 28.e5 dxe5 29.cxb5 Nb4
30.Rxe5 Bxb5 31.Rxg5+ Kh8 32.Qe2 Qd6 33.Qe5+ Qxe5 34.Rexe5 Ra1 35.Re1 Nc2  0-1

[Event "6th LGA Premium Cup"]
[Site "Nuernberg GER"]
[Date "2009.09.05"]
[Round "4"]
[White "Willim,M"]
[Black "Bojkov,D"]
[Result "1-0"]
[WhiteElo "2155"]
[BlackElo "2521"]

1.c4 e5 2.g3 Nf6 3.Bg2 d5 4.cxd5 Nxd5 5.Nf3 Nc6 6.O-O Nb6 7.d3 Be7 8.Nbd2 Be6
9.a3 a5 10.b3 f6 11.Bb2 O-O 12.Rc1 Rf7 13.Ne4 Qf8 14.Ra1 h6 15.Qc2 f5 16.Ned2 Bf6
17.Rab1 g5 18.Nc4 Nd7 19.Nfd2 Ra6 20.Ne3 Bg7 21.Nd5 Nf6 22.Nxf6+ Bxf6 23.Nc4 Rd7
24.Bc3 Qc5 25.b4 axb4 26.axb4 Qa7 27.b5 Ra2 28.Rb2 Rxb2 29.Qxb2 Ne7 30.Bxe5 Bxc4
31.dxc4 Bxe5 32.Qxe5 Qb6 33.Ra1 Kf7 34.Qh8 Qf6 35.Qxf6+ Kxf6 36.Bxb7 Rd2
37.Ra6+ Ke5 38.e3 f4 39.gxf4+ gxf4 40.exf4+ Kxf4 41.Rxh6 Nf5 42.Rh7 Kg5 43.h4+ Kf4
44.Bd5 Rd1+ 45.Kg2 Rd2 46.Rf7 Ke5 47.Kf3 Rd3+ 48.Ke2 Rc3 49.Kd2 Ra3 50.f4+  1-0

[Event "ch-PAR"]
[Site "Asuncion PAR"]
[Date "2009.09.06"]
[Round "1"]
[White "Gamarra,R"]
[Black "Valiente,C"]
[Result "1/2-1/2"]
[WhiteElo "2006"]
[BlackElo "2241"]

1.c4 e5 2.g3 c6 3.d4 exd4 4.Qxd4 d5 5.Nc3 Nf6 6.Bg5 Be7 7.Rd1 O-O 8.cxd5 cxd5
9.Bg2 Nc6 10.Qa4 Be6 11.Nf3 Qb6 12.Qb5 Rfd8 13.a3 Ne4 14.Qxb6 axb6 15.Bxe7 Nxe7
16.Nxe4 dxe4 17.Nd4 Bd5 18.Rc1 Nc6 19.Nf5 g6 20.Ne3 f5 21.g4 Be6 22.gxf5 gxf5
23.Bh3 Ra5 24.Rg1+ Kf7 25.Rg5 Kf6 26.Rh5 Kg6 27.Rh4 Rd7 28.Rd1 Nd4 29.f4 Rc5
30.Kf2 Nc2 31.Rg1+ Kf6 32.Rh6+ Kf7 33.Rxh7+ Kf6 34.Rh6+ Kf7 35.Rh7+ Kf6  1/2-1/2

[Event "7th ch-Mediterranean"]
[Site "Rijeka CRO"]
[Date "2009.09.11"]
[Round "1"]
[White "Vrhovnik,D"]
[Black "Galego,L"]
[Result "0-1"]
[WhiteElo "2045"]
[BlackElo "2454"]

1.c4 e5 2.g3 Nf6 3.Bg2 Bc5 4.Nc3 O-O 5.d3 d6 6.Nf3 Nc6 7.O-O a6 8.a3 Ba7
9.b4 h6 10.b5 axb5 11.cxb5 Na5 12.Bb2 Be6 13.Nd2 Qd7 14.Qc2 Bh3 15.Nc4 Nxc4
16.dxc4 Bxg2 17.Kxg2 Ng4 18.h3 Nf6 19.Rad1 Nh7 20.f4 exf4 21.gxf4 f5 22.e4 fxe4
23.Nxe4 Rae8 24.Rde1 Rf7 25.Rf3 d5 26.cxd5 Qxd5 27.Kh2 Qxb5 28.Rg3 Ree7 29.Qc3 Rd7
30.Nd6 cxd6 31.Re8+ Nf8 32.Qc8  0-1

[Event "7th ch-Mediterranean"]
[Site "Rijeka CRO"]
[Date "2009.09.11"]
[Round "1"]
[White "Golubovic,B"]
[Black "Pettersson,A"]
[Result "1-0"]
[WhiteElo "2381"]
[BlackElo "2049"]

1.c4 e5 2.g3 Nf6 3.Bg2 Nc6 4.Nc3 Bb4 5.Nf3 O-O 6.O-O Re8 7.d3 h6 8.e4 a5
9.h3 Bc5 10.Kh2 d6 11.Be3 Bxe3 12.fxe3 Ne7 13.Nh4 c6 14.d4 Ng6 15.Nxg6 fxg6
16.Qb3 Kh7 17.Rad1 Qc7 18.Rd2 Bd7 19.c5 dxc5 20.Rxf6 gxf6 21.Qf7+ Kh8 22.Qxf6+ Kh7
23.Qf7+ Kh8 24.dxe5 Rad8 25.Ne2 g5 26.Rd6  1-0

[Event "Quality Chess Int"]
[Site "Edinburgh SCO"]
[Date "2009.09.13"]
[Round "2"]
[White "McNab,C"]
[Black "Tate,A"]
[Result "1-0"]
[WhiteElo "2466"]
[BlackElo "2175"]

1.c4 e5 2.g3 Nc6 3.Bg2 g6 4.Nc3 Bg7 5.e4 d6 6.Nge2 f5 7.d3 Nf6 8.O-O O-O
9.Nd5 Be6 10.Bg5 Qd7 11.Qd2 Rf7 12.Rac1 Raf8 13.Nxf6+ Bxf6 14.Bxf6 Rxf6 15.d4 Nxd4
16.Nxd4 exd4 17.exf5 Bxf5 18.Qxd4 b6 19.Rfe1 h6 20.Re3 c6 21.Rce1 R6f7 22.Qh4 Kg7
23.Re7 Qc8 24.Qd4+  1-0